Songs from the First Line(s) - 1990s Rock - Statistics

General Stats
  • This quiz has been taken 95 times
  • The average score is 20 of 40
Answer Stats
Hint Answer % Correct
Songs Today is gonna be the day / That they're gonna throw it back to you / By now you should've somehow / Realized what you gotta do Song Wonderwall
86%
Songs Today is gonna be the day / That they're gonna throw it back to you / By now you should've somehow / Realized what you gotta do Artist(s) Oasis
85%
Songs 'Cause it's a bittersweet symphony, that's life / Tryna make ends meet / You're a slave to money then you die Song Bitter Sweet Symphony
77%
Songs Somebody once told me the world is gonna roll me / I ain't the sharpest tool in the shed Song All Star
72%
Songs Load up on guns, bring your friends / It's fun to lose and to pretend / She's over-bored and self-assured / Oh no, I know a dirty word Artist(s) Nirvana
71%
Songs Thunder, ah / Thunder, ah / Thunder, ah / Thunder, ah / I was caught / In the middle of a railroad track (Thunder) / I looked 'round Artist(s) AC/DC
67%
Songs Somebody once told me the world is gonna roll me / I ain't the sharpest tool in the shed Artist(s) Smash Mouth
66%
Songs Load up on guns, bring your friends / It's fun to lose and to pretend / She's over-bored and self-assured / Oh no, I know a dirty word Song Smells Like Teen Spirit
66%
Songs Thunder, ah / Thunder, ah / Thunder, ah / I was caught / In the middle of a railroad track (Thunder) / I looked 'round Song Thunderstruck
66%
Songs Hello / I've waited here for you / Everlong / Tonight / I throw myself into / And out of the red / Out of her head she sang Song Everlong
64%
Songs Hello / I've waited here for you / Everlong / Tonight / I throw myself into / And out of the red / Out of her head she sang Artist(s) Foo Fighters
63%
Songs And I'd give up forever to touch you / 'Cause I know that you feel me somehow / You're the closest to heaven that I'll ever be Artist(s) Goo Goo Dolls
62%
Songs When you were here before / Couldn't look you in the eye / You're just like an angel / Your skin makes me cry / You float like a feather Song Creep
60%
Songs And I'd give up forever to touch you / 'Cause I know that you feel me somehow / You're the closest to heaven that I'll ever be Song Iris
60%
Songs When you were here before / Couldn't look you in the eye / You're just like an angel / Your skin makes me cry / You float like a feather Artist(s) Radiohead
60%
Songs Say your prayers, little one, / Don't forget, my son / To include everyone / I tuck you in, warm within, / Keep you free from sin Artist(s) Metallica
59%
Songs Woo-hoo / Woo-hoo / I got my head checked / By a jumbo jet / It wasn't easy / But nothing i-is / No / Woo-hoo / When I feel heavy-metal Artist(s) Blur
58%
Songs 'Cause it's a bittersweet symphony, that's life / Tryna make ends meet / You're a slave to money then you die Artist(s) The Verve
58%
Songs Killing in the name of / Some of those that work forces, are the same that burn crosses / And now you do what they told ya Song Killing in the Name
57%
Songs Say your prayers, little one, / Don't forget, my son / To include everyone / I tuck you in, warm within, keep you free from sin Song Enter Sandman
55%
Songs Killing in the name of / Some of those that work forces, are the same that burn crosses / And now you do what they told ya Artist(s) Rage Against the Machine
55%
Songs Woo-hoo / Woo-hoo / I got my head checked / By a jumbo jet / It wasn't easy / But nothing i-is / No / Woo-hoo / When I feel heavy-metal Song Song 2
53%
Songs Another head hangs lowly / Child is slowly taken / And the violence caused such silence / Who are we mistaken / But you see it's not me Artist(s) The Cranberries
53%
Songs Another head hangs lowly / Child is slowly taken / And the violence caused such silence / Who are we mistaken / But you see it's not me Song Zombie
53%
Songs Oh life, it's bigger / It's bigger than you / And you are not me / The lengths that I will go to / The distance in your eyes Song Losing My Religion
48%
Songs Oh life, it's bigger / It's bigger than you / And you are not me / The lengths that I will go to / The distance in your eyes Artist(s) R.E.M.
48%
Songs I could stay awake just to hear you breathing / Watch you smile while you are sleeping / While you're far away and dreaming Artist(s) Aerosmith
47%
Songs You and me / We used to be together / Every day together, always / I really feel / That I'm losing my best friend Song Don't Speak
43%
Songs You and me / We used to be together / Every day together, always / I really feel / That I'm losing my best friend Artist(s) No Doubt
40%
Songs When I look into your eyes / I can see a love restrained / But, darlin', when I hold you / Don't you know I feel the same? Yeah Artist(s) Guns N' Roses
35%
Songs In my eyes / Indisposed / In disguise / As no one knows / Hides the face / Lies the snake / And the sun / In my disgrace / Boiling heat Song Black Hole Sun
34%
Songs I could stay awake just to hear you breathing / Watch you smile while you are sleeping / While you're far away and dreaming Song I Don't Want to Miss a Thing
34%
Songs I took her out, it was a Friday night / I wore cologne to get the feeling right / We started making out and she took off my pants Artist(s) blink-182
33%
Songs In my eyes / Indisposed / In disguise / As no one knows / Hides the face / Lies the snake / And the sun / In my disgrace / Boiling heat Artist(s) Soundgarden
31%
Songs I took her out, it was a Friday night / I wore cologne to get the feeling right / We started making out and she took off my pants Song What's My Age Again?
31%
Songs When I look into your eyes / I can see a love restrained / But, darlin', when I hold you / Don't you know I feel the same? Yeah Song November Rain
28%
Songs I wake up in the morning / And I raise my weary head / I've got an old coat for a pillow / And the earth was last night's bed Artist(s) Jon Bon Jovi
20%
Songs I want you to know, that I'm happy for you / I wish nothing but the best for you both / An older version of me Artist(s) Alanis Morissette
16%
Songs I want you to know, that I'm happy for you / I wish nothing but the best for you both / An older version of me Song You Oughta Know
15%
Songs I wake up in the morning / And I raise my weary head / I've got an old coat for a pillow / And the earth was last night's bed Song Blaze of Glory
12%
No matching quizzes found
Score Distribution
Percent of People with Each Score
Percentile by Number Answered
Your Score History
You have not taken this quiz